header

Key topics in orthopaedic trauma surgery (Record no. 2752)

MARC details
000 -LEADER
fixed length control field 01381nam a2200349 a 4500
082 04 - DEWEY DECIMAL CLASSIFICATION NUMBER
Classification number 617.47044
245 00 - TITLE STATEMENT
Title Key topics in orthopaedic trauma surgery
260 ## - PUBLICATION, DISTRIBUTION, ETC. (IMPRINT)
Place of publication Oxford :
Name of publisher BIOS Scientific,
Year of publication 1999.
300 ## - PHYSICAL DESCRIPTION
Number of Pages xii, 308 p. :
Other physical details ill.
490 1# - SERIES STATEMENT
Series statement The key topics series
650 #0 - SUBJECT ADDED ENTRY--TOPICAL TERM
Topical Term Orthopedic surgery
Topical Term Fractures
Topical Term Dislocations
700 1# - ADDED ENTRY--PERSONAL NAME
Personal name Keene, G. S.
856 40 - ELECTRONIC LOCATION AND ACCESS
Uniform Resource Identifier http://site.ebrary.com/lib/rucke/Doc?id=5000292

No items available.

© 2026 Rongo University
Contact us: librarian | system librarian | Rongo university